000 00747nam a2200229 a 4500
005 20230526063553.0
008 140821s2010 mx r 000 0 spa d
020 _a9786074696141
020 _a9786079107048 SEP
035 _aUPN01000199003
049 _aI
050 4 _aPZ74.1
_bM5.3
100 1 _aMiralles, Francesc,
_d1968-
_936172
245 1 3 _aEl gran libro de leyendas medievales /
_cadapt. y texto de Francesc Miralles ; il. de Adrià Fruitós.
260 _aMéxico :
_bParramón :
_bSEP,
_c2010.
300 _a115 p. :
_bil. col.
440 0 _aLibros del rincón.
_pAstrolabio
650 4 _aLEYENDAS -
_vLITERATURA INFANTIL
_919858
650 4 _aEDAD MEDIA -
_vLITERATURA INFANTIL
_911232
905 _aInfantil
999 _c171104
_d171104